Subalterns and sovereigns : (Record no. 20708)

MARC details
000 -LEADER
fixed length control field 01048cam a2200301 a 4500
001 - CONTROL NUMBER
control field 2139011
003 - CONTROL NUMBER IDENTIFIER
control field BDDh-ASL
005 - DATE AND TIME OF LATEST TRANSACTION
control field 20231015025926.0
008 - FIXED-LENGTH DATA ELEMENTS--GENERAL INFORMATION
fixed length control field 980122s1997 ii ab b 001 0 eng
010 ## - LIBRARY OF CONGRESS CONTROL NUMBER
LC control number 97906439
020 ## - INTERNATIONAL STANDARD BOOK NUMBER
International Standard Book Number 0195641167
025 ## - OVERSEAS ACQUISITION NUMBER
Overseas acquisition number I-E-97-906439; 68-92
040 ## - CATALOGING SOURCE
Original cataloging agency DLC
Transcribing agency DLC
Modifying agency DLC
-- BDDh-ASL
042 ## - AUTHENTICATION CODE
Authentication code lcode
043 ## - GEOGRAPHIC AREA CODE
Geographic area code a-ii---
050 00 - LIBRARY OF CONGRESS CALL NUMBER
Classification number DS485.B38
Item number S86 1997
082 00 - DEWEY DECIMAL CLASSIFICATION NUMBER
Classification number 954.3
Edition number 21
Item number SUS
100 1# - MAIN ENTRY--PERSONAL NAME
Personal name Sundar, Nandini.
245 10 - TITLE STATEMENT
Title Subalterns and sovereigns :
Remainder of title an anthropological history of Bastar, 1854-1996 /
Statement of responsibility, etc. Nandini Sundar.
260 ## - PUBLICATION, DISTRIBUTION, ETC.
Place of publication, distribution, etc. Delhi ;
-- New York :
Name of publisher, distributor, etc. Oxford University Press,
Date of publication, distribution, etc. 1997.
300 ## - PHYSICAL DESCRIPTION
Extent xxiv, 296 p. :
Other physical details ill., maps ;
Dimensions 22 cm.
504 ## - BIBLIOGRAPHY, ETC. NOTE
Bibliography, etc. note Includes bibliographical references (p. [271]-289) and index.
651 #0 - SUBJECT ADDED ENTRY--GEOGRAPHIC NAME
Geographic name Bastar (India : District)
General subdivision History.
856 42 - ELECTRONIC LOCATION AND ACCESS
Materials specified Publisher description
Uniform Resource Identifier <a href="http://www.loc.gov/catdir/enhancements/fy0606/97906439-d.html">http://www.loc.gov/catdir/enhancements/fy0606/97906439-d.html</a>
906 ## - LOCAL DATA ELEMENT F, LDF (RLIN)
a 7
b cbc
c origode
d 3
e ncip
f 19
g y-gencatlg
942 ## - ADDED ENTRY ELEMENTS (KOHA)
Source of classification or shelving scheme Dewey Decimal Classification
Koha item type Books
Holdings
Withdrawn status Lost status Source of classification or shelving scheme Damaged status Not for loan Collection code Home library Current library Shelving location Date acquired Source of acquisition Total Checkouts Full call number Barcode Date last seen Copy number Price effective from Koha item type Public note
    Dewey Decimal Classification   Not For Loan Non-fiction Asiatic Society Library Asiatic Society Library Ludden Collection 01/13/2021 Donated by Prof. David Ludden   954.3 SUS 104184 01/13/2021 C-1 01/13/2021 Books RARE

Powered by Koha